Central Library OPAC University of Rajshahi

Written English for business : (Record no. 73612)

MARC details
000 -LEADER
fixed length control field 00793nam a2200253 a 4500
001 - CONTROL NUMBER
control field 73612
003 - CONTROL NUMBER IDENTIFIER
rucl marc code BD-RjUL
005 - DATE AND TIME OF LATEST TRANSACTION
control field 20211209082422.0
008 - FIXED-LENGTH DATA ELEMENTS--GENERAL INFORMATION
fixed length control field 170605s1990 enk 000 0 eng d
020 ## - INTERNATIONAL STANDARD BOOK NUMBER
International Standard Book Number 0194512320
035 ## - SYSTEM CONTROL NUMBER
System control number (BD-RjUL)73830
040 ## - CATALOGING SOURCE
Original cataloging agency BD-RjUL
Language of cataloging eng
Transcribing agency BD-RjUL
Modifying agency BD-RjUL
041 ## - LANGUAGE CODE
Language code of text/sound track or separate title eng
082 ## - DEWEY DECIMAL CLASSIFICATION NUMBER
Edition number 23
Author mark and year STW 1996
Classification number 651.75
100 1# - MAIN ENTRY--PERSONAL NAME
Personal name Stanton, Alan.
9 (RLIN) 217857
245 10 - TITLE STATEMENT
Title Written English for business :
Number of part/section of a work First level /
Statement of responsibility, etc. Alan Stanton
260 ## - PUBLICATION, DISTRIBUTION, ETC. (IMPRINT)
Place of publication, distribution, etc. Oxford :
Name of publisher, distributor, etc. Oxford University Press,
Date of publication, distribution, etc. c1990 [Impression 1996]
300 ## - PHYSICAL DESCRIPTION
Pagination 64 p. ;
Size 25 cm
490 1# - SERIES STATEMENT
Series statement Preparing for the LCCI examinations
650 #0 - SUBJECT ADDED ENTRY--TOPICAL TERM
Topical term or geographic name as entry element Commercial correspondence
9 (RLIN) 217858
Topical term or geographic name as entry element Business communication
9 (RLIN) 217859
830 #0 - SERIES ADDED ENTRY--UNIFORM TITLE
Uniform title Preparing for the LCCI examinations
942 ## - ADDED ENTRY ELEMENTS (KOHA)
Source of classification or shelving scheme Dewey Decimal Classification
Koha item type Books
Holdings
Lost status Source of classification or shelving scheme Damaged status Not for loan Collection code Permanent Location Current Location Shelving location Date acquired Source of acquisition Cost, normal purchase price Total Checkouts Full call number Date last seen Copy number Koha item type
  Dewey Decimal Classification   Not For Loan Non-fiction Central Library, University of Rajshahi Central Library, University of Rajshahi Reading Room 29/06/1999 Karim International, Dhaka 344.00   651.75 STW 1996 05/06/2017 C-1 Books